1501 1395 1716 1172 1413 1975 1807 1547 1915 1372 1009 1213 1119 1645 1989 1736 1506 1966 1825 1847 1971 1365 1110 1570 1093 1262 1041 1368 1187 1704 1356 1666 1570 1083 1770 1634 1751 1518 1911 1886 1029 1107 1623 1231 1489 1987 1374 1707 1284 1340 1720 1794 1973 1330 1399 1887 1364 1499 1470 1797 1665 1805 1436 1984 1301 1774 1297 1491 1880 1152 1037 1708 1033 1387 1937 1462 1968 1640 1778 1123 1947 1099 1464 1514 1412 1623 1706 1850 1537 1241 1421 1073 1970 1792 1335 1825 1812 1526 1515 BCNSPRNW ULIB Ver.6.0+V

เปลี่ยนเป็นภาษาไทย

Change to English
 แสดงรายละเอียดบรรณานุกรม
  กลับหน้าหลัก

Brief Record : Get Marc (ISO 2709) : E-mail record : QR code < ปิดหน้าต่าง
LEADER : 00000nam 2200000uu 4500
001    13399128352
003     ULIB
008    230620s2559||||th 000 0 tha d
020    ^a9786163981219
060 04 ^aWY164^bว158ก
100 0  ^aวณิชา พึ่งชมภู
245 00 ^aการพยาบาลผู้ป่วยโรคไตเรื้อรังที่ได้รับการฟอกเลือด =^bNursing care ofpersons with chronic kidney disease receiving hemodialysis/^cวณิชา พึ่งชมภู
250    ^aพิมพ์ครั้งที่ 2
260    ^aเชียงใหม่ :^bสำนักพิมพ์มหาวิทยาลัยเชียงใหม่ ศูนย์บริหารงานวิจัย,^c2559
300    ^ax, 170 หน้า :^bภาพประกอบ ;^c25 ซม.
650  2 ^aHemodiafiltration
650  2 ^aPeritoneal Dialysis
650  2 ^aRenal Dialysis
650  2 ^aKidney, Artificial
650  2 ^aKidney Failure^xtherapy
650  4 ^aการฟอกเลือดด้วยเครื่องไตเทียม
650  4 ^aการฟอกเลือดด้วยเครื่องไตเทียม^xการพยาบาล
650  4 ^aการฟอกเลือดด้วยเครื่องไตเทียม^xการรักษา
650  4 ^aไตเทียม
650  4 ^aฮีโมไดอะลัยซิส
650  4 ^aไต, โรค^xการพยาบาล
650  4 ^aไตวายเรื้อรัง^xการพยาบาล
945    ^p250^l0^i009740
945    ^p250^l0^i009741
945    ^p250^l0^i009742
945    ^p250^l0^i009743
999    ^aประนอม เกษจรัล
รายการนี้ยังไม่มีแท็ก
คุณยังไม่ได้ล็อกอิน คุณสามารถมีกิจกรรมร่วมกับเว็บไซต์ได้ แต่ต้องล็อกอินก่อน ::
  ล็อกอิน

รายการสื่อสารสนเทศ

ลำดับที่ ประเภท เลขเรียก/บาร์โค้ด สถานที่ สถานะ
1. Book การพยาบาล
หนังสือสำรอง
สถานะ=หนังสือสำรอง
WY164 ว158ก ฉ.1 
  Barcode: 009740
ห้องสมุดวิทยาเขตสวรรค์ประชารักษ์
►หนังสือทั่วไป
บนชั้น
2. Book การพยาบาล
Book การพยาบาล
WY164 ว158ก ฉ.2 
  Barcode: 009741
ห้องสมุดวิทยาเขตสวรรค์ประชารักษ์
►หนังสือทั่วไป
บนชั้น
3. Book การพยาบาล
Book การพยาบาล
WY164 ว158ก ฉ.3 
  Barcode: 009742
ห้องสมุดวิทยาเขตสวรรค์ประชารักษ์
►หนังสือทั่วไป
บนชั้น
4. Book การพยาบาล
Book การพยาบาล
WY164 ว158ก ฉ.4 
  Barcode: 009743
ห้องสมุดวิทยาเขตสวรรค์ประชารักษ์
►หนังสือทั่วไป
บนชั้น

รายการใกล้เคียง
    ผู้แต่ง [วณิชา พึ่งชมภู]

    หัวเรื่อง [Hemodiafiltration]
    หัวเรื่อง [Peritoneal Dialysis]
    หัวเรื่อง [Renal Dialysis]
    หัวเรื่อง [Kidney, Artificial]
    หัวเรื่อง [การฟอกเลือดด้วยเครื่องไตเทียม]
    หัวเรื่อง [ไตเทียม]
    หัวเรื่อง [ฮีโมไดอะลัยซิส]

BibComment


ยังไม่เคยถูกคอมเมนท์

คอมเมนท์ทรัพยากรรายการนี้
  คอมเมนท์: การพยาบาลผู้ป่วย..


 Copyright 2026. Bcnsprnw @Library